<?xml version="1.0" encoding="UTF-8"?><?xml-stylesheet type="text/xsl" href="static/style.xsl"?><OAI-PMH xmlns="http://www.openarchives.org/OAI/2.0/" xmlns:xsi="http://www.w3.org/2001/XMLSchema-instance" xsi:schemaLocation="http://www.openarchives.org/OAI/2.0/ http://www.openarchives.org/OAI/2.0/OAI-PMH.xsd"><responseDate>2026-06-06T04:23:14Z</responseDate><request verb="GetRecord" identifier="oai:riuma.uma.es:10630/10207" metadataPrefix="marc">https://riuma.uma.es/rest/oai/request</request><GetRecord><record><header><identifier>oai:riuma.uma.es:10630/10207</identifier><datestamp>2026-02-03T12:28:54Z</datestamp><setSpec>com_10630_2254</setSpec><setSpec>col_10630_37959</setSpec></header><metadata><record xmlns="http://www.loc.gov/MARC21/slim" xmlns:dcterms="http://purl.org/dc/terms/" xmlns:doc="http://www.lyncode.com/xoai" xmlns:xsi="http://www.w3.org/2001/XMLSchema-instance" xsi:schemaLocation="http://www.loc.gov/MARC21/slim http://www.loc.gov/standards/marcxml/schema/MARC21slim.xsd">
   <leader>00925njm 22002777a 4500</leader>
   <datafield ind2=" " ind1=" " tag="042">
      <subfield code="a">dc</subfield>
   </datafield>
   <datafield ind2=" " ind1=" " tag="720">
      <subfield code="a">Cabrera-Carrillo, Juan Antonio</subfield>
      <subfield code="e">author</subfield>
   </datafield>
   <datafield ind2=" " ind1=" " tag="720">
      <subfield code="a">Urda Gómez, Pedro</subfield>
      <subfield code="e">author</subfield>
   </datafield>
   <datafield ind2=" " ind1=" " tag="720">
      <subfield code="a">Castillo-Aguilar, Juan Jesús</subfield>
      <subfield code="e">author</subfield>
   </datafield>
   <datafield ind2=" " ind1=" " tag="720">
      <subfield code="a">Guerra-Fernández, Antonio Jesús</subfield>
      <subfield code="e">author</subfield>
   </datafield>
   <datafield ind2=" " ind1=" " tag="260">
      <subfield code="c">2015-09-03</subfield>
   </datafield>
   <datafield ind2=" " ind1=" " tag="520">
      <subfield code="a">The appearance of anti-lock braking systems (ABS) and traction control systems&#xd;
(TCS) have been some of the most major developments in vehicle safety. These systems have&#xd;
been evolving since their origin, always keeping the same objective, by using increasingly&#xd;
sophisticated algorithms and complex brake and torque control architectures. The aim of this&#xd;
work is to develop and implement a new control model of a traction control system to be&#xd;
installed on a motorcycle, regulating the slip in traction and improving dynamic performance of&#xd;
two-wheeled vehicles. This paper presents a novel traction control algorithm based on the use of&#xd;
Artificial Neural Networks (ANN) and Fuzzy Logic. An ANN is used to estimate the optimal&#xd;
slip of the surface the vehicle is moving on. A fuzzy logic control block, which makes use of the&#xd;
optimal slip provided by the ANN, is developed to control the throttle position. Two control&#xd;
blocks have been tuned. The first control block has been tuned according to the experience of an&#xd;
expert operator. The second one has been optimized using Evolutionary Computation (EC).&#xd;
Simulation shows that the use of EC can improve the fuzzy logic based control algorithm,&#xd;
obtaining better results than those produced with the control tuned only by experience.</subfield>
   </datafield>
   <datafield ind1="8" ind2=" " tag="024">
      <subfield code="a">http://hdl.handle.net/10630/10207</subfield>
   </datafield>
   <datafield ind1="8" ind2=" " tag="024">
      <subfield code="a">http://orcid.org/0000-0003-2748-4861</subfield>
   </datafield>
   <datafield tag="653" ind2=" " ind1=" ">
      <subfield code="a">Ingeniería mecánica</subfield>
   </datafield>
   <datafield ind2="0" ind1="0" tag="245">
      <subfield code="a">An Intelligent Traction Control for Motorcycles</subfield>
   </datafield>
</record>
</metadata></record></GetRecord></OAI-PMH>